[Event "Challenge"]
[Site "http://www.queenalice.com/game.php?id=352702"]
[Date "2008.2.11"]
[Round "-"]
[White "wgeorge"]
[Black "luongo_00001"]
[Result "1-0"]
[WhiteElo "1701"]
[BlackElo "1486"]

1. e4 Nf6 2. Nc3 d5 3. Bb5+ Nc6 4. Bxc6+ bxc6 5. d3 d4 6. Nce2 e5 7. Bg5 Bb4+ 8.
c3 dxc3 9. bxc3 Be7 10. Bxf6 Bxf6 11. Nf3 Bg4 12. Nd2 Qxd3 13. Nb3 Qxd1+ 14.
Rxd1 Bxe2 15. Kxe2 O-O 16. Rd3 Rad8 17. Rxd8 Rxd8 18. a4 Rb8 19. Rb1 Bg5 20. Nd2
Rxb1 21. Nxb1 c5 22. Na3 a6 23. Nc4 f6 24. Na5 g6 25. f3 f5 26. Nc6 Bf6 27. Nb8
Bd8 28. Nxa6 c4 29. Nb8 Kf7 30. a5 c5 31. a6 Bb6 32. Nc6 Ke6 33. a7 Bxa7 34.
Nxa7 1-0

[Event "Challenge"]
[Site "http://www.queenalice.com/game.php?id=369012"]
[Date "2008.3.11"]
[Round "-"]
[White "wgeorge"]
[Black "backnine"]
[Result "1-0"]
[WhiteElo "1724"]
[BlackElo "1620"]

1. e4 e5 2. Nf3 d6 3. Bb5+ Bd7 4. Bxd7+ Nxd7 5. O-O Ngf6 6. d3 g6 7. Nc3 Bg7 8.
Bg5 O-O 9. Bxf6 Bxf6 10. Qd2 a6 11. a4 c6 12. b3 Rb8 13. Ra2 Rc8 14. Rb1 Bg7 15.
h3 Nf6 16. b4 Qd7 17. b5 Nh5 18. bxa6 Rb8 19. Rab2 Qc7 20. Rxb7 Rxb7 21. Rxb7
Qc8 22. Na2 c5 23. Qa5 Qc6 24. Qb5 Qc8 25. a7 Qa8 26. Qb6 Nf4 27. Rb8 Ne2+ 28.
Kf1 Nf4 29. Rxa8 Rxa8 30. Qb8+ Rxb8 31. axb8=Q+ Bf8 32. Qb7 Ne6 33. a5 h5 34. a6
Kg7 35. a7 c4 36. a8=R Nc5 37. Qc8 Ne6 38. h4 1-0

[Event "Challenge"]
[Site "http://www.queenalice.com/game.php?id=369013"]
[Date "2008.3.11"]
[Round "-"]
[White "wgeorge"]
[Black "junior11"]
[Result "0-1"]
[WhiteElo "1754"]
[BlackElo "1801"]

1. e4 e5 2. Nf3 Nc6 3. Bb5 d6 4. Bxc6+ bxc6 5. d3 Bg4 6. h3 Be6 7. O-O Nf6 8.
Nc3 Be7 9. a4 O-O 10. Ng5 Qd7 11. Nxe6 fxe6 12. Bg5 Rab8 13. b3 d5 14. Bxf6 Rxf6
15. Qe2 Bc5 16. Nd1 Rbf8 17. Ne3 Qf7 18. c3 Rh6 19. Rae1 Qg6 20. Qg4 Qe8 21. Kh2
Rff6 22. f4 Rfg6 23. Qe2 exf4 24. Rxf4 Bd6 25. Rf1 Rf6 26. g3 Bxf4 27. gxf4 Rh4
28. Ng4 Rf8 29. Qf3 Rh5 30. Ne3 Rh6 31. Ng2 g5 32. Qe3 gxf4 33. Rxf4 Rhf6 34. e5
Rf5 35. d4 Kh8 36. Kg1 Qg6 37. Kh2 R5f7 38. Qg3 Rxf4 39. Nxf4 Qc2+ 40. Kh1 Qe4+
41. Ng2 Rg8 42. Qh2 Qb1+ 43. Qg1 Qxb3 44. Kh2 Qxc3 45. Qf1 Qg3+ 46. Kh1 Qxh3+
47. Kg1 Qe3+ 48. Qf2 Qxf2+ 49. Kxf2 Rb8 50. Nf4 Re8 51. Ke3 Kg7 52. Kf3 Kf7 53.
Kg4 a5 54. Kh5 c5 55. dxc5 d4 56. c6 Rb8 57. Kh6 Rb3 58. Kxh7 d3 59. Nxd3 Rxd3
60. Kh6 Ra3 0-1

[Event "Challenge"]
[Site "http://www.queenalice.com/game.php?id=494490"]
[Date "2008.11.17"]
[Round "-"]
[White "wgeorge"]
[Black "Kamikase"]
[Result "1-0"]
[WhiteElo "1699"]
[BlackElo "1703"]

1. e4 e5 2. Nf3 Nc6 3. Bb5 d6 4. Bxc6+ bxc6 5. O-O Bg4 6. h3 Bh5 7. d3 h6 8.
Nbd2 Nf6 9. c3 Be7 10. Qc2 O-O 11. d4 exd4 12. cxd4 Bg6 13. Qa4 Nxe4 14. Nxe4
Bxe4 15. Qd1 d5 16. a3 Qd6 17. Re1 f5 18. g3 c5 19. dxc5 Qxc5 20. Ne5 Rad8 21.
Bf4 Bc2 22. Qd2 Rf6 23. Rac1 Bd6 24. Rxc2 Qb6 25. Nc6 Rdf8 26. Ne5 Re8 27. Qxd5+
Kh7 28. Rce2 Qc5 29. Qxc5 Bxc5 30. Nd7 Rxe2 31. Rxe2 Rc6 32. Nxc5 Rxc5 33. Re7
Rb5 34. Rxc7 a5 35. Ra7 1-0

[Event "Challenge"]
[Site "http://www.queenalice.com/game.php?id=494491"]
[Date "2008.11.17"]
[Round "-"]
[White "wgeorge"]
[Black "Al_Bundy"]
[Result "0-1"]
[WhiteElo "1722"]
[BlackElo "1846"]

1. e4 e5 2. Nf3 Nc6 3. Bb5 a6 4. Bxc6 dxc6 5. O-O Bd6 6. h3 Nf6 7. d3 h6 8. b3
O-O 9. Bb2 Re8 10. Nbd2 b5 11. Re1 c5 12. c3 Bb7 13. c4 b4 14. a3 a5 15. axb4
cxb4 16. Ra2 c5 17. Qa1 Qc7 18. Qd1 Bc6 19. Nf1 Ra7 20. N1d2 Rea8 21. Qc2 a4 22.
Rea1 a3 23. Bc1 Re8 24. Nf1 Raa8 0-1

[Event "Challenge"]
[Site "http://www.queenalice.com/game.php?id=532271"]
[Date "2009.1.30"]
[Round "-"]
[White "wgeorge"]
[Black "bg"]
[Result "1-0"]
[WhiteElo "1730"]
[BlackElo "1698"]

1. e4 e5 2. Nf3 Nc6 3. Bb5 d6 4. Bxc6+ bxc6 5. h3 Nf6 6. d3 c5 7. O-O g6 8. Nc3
Bg7 9. Bd2 Be6 10. Ng5 Bd7 11. a4 O-O 12. Qe2 Ne8 13. Rfb1 f6 14. Nf3 f5 15. b4
cxb4 16. Rxb4 a5 17. Rb3 Be6 18. Rb2 Qd7 19. Rab1 Nf6 20. Ng5 fxe4 21. Ncxe4
Nxe4 22. Nxe6 Nxd2 23. Nxf8 Nf3+ 24. Qxf3 Rxf8 25. Qg4 Qe7 26. Rb8 Qf7 27. Rxf8+
Bxf8 28. Qc8 d5 29. Rb7 Qf4 30. Qxc7 Qh4 31. Qf7+ 1-0

[Event "Challenge"]
[Site "http://www.queenalice.com/game.php?id=535148"]
[Date "2009.2.5"]
[Round "-"]
[White "wgeorge"]
[Black "Mikejr"]
[Result "1-0"]
[WhiteElo "1756"]
[BlackElo "1788"]

1. e4 Nf6 2. d3 e5 3. Nf3 d5 4. Nxe5 h6 5. Nd2 Nc6 6. Nxc6 bxc6 7. h3 Bb4 8. c3
Bd6 9. Qe2 O-O 10. e5 Re8 11. d4 Bf8 12. Qd3 Nd7 13. Be2 c5 14. O-O c4 15. Qc2
Nb6 16. b3 Be6 17. bxc4 dxc4 18. a4 a5 19. Ba3 g6 20. Bxf8 Kxf8 21. Rfb1 Qg5 22.
Kh2 Bd5 23. Bf3 Bxf3 24. Nxf3 Qf4+ 25. Kg1 Kg8 26. Nd2 Kh8 27. Qa2 Qf5 28. Nxc4
Reb8 29. Nxb6 cxb6 30. Rb5 Qd7 31. Rab1 Ra6 32. Qd5 Qc7 33. Qd6 Rb7 34. Qxc7
Rxc7 35. Rxb6 Rxb6 36. Rxb6 Rxc3 37. d5 Rc7 38. d6 Rd7 39. Rc6 Kg7 40. Rc7 Rd8
41. Ra7 Re8 42. Rxa5 h5 43. f4 Kf8 44. Ra7 Rd8 45. a5 Ke8 46. g4 Rb8 47. f5 gxf5
48. gxf5 Rd8 49. a6 h4 50. d7+ Ke7 51. Rb7 Ra8 52. a7 f6 53. Rb8 Rxb8 54. axb8=Q
1-0

[Event "Challenge"]
[Site "http://www.queenalice.com/game.php?id=565628"]
[Date "2009.4.2"]
[Round "-"]
[White "wgeorge"]
[Black "Patrick77"]
[Result "1/2-1/2"]
[WhiteElo "1762"]
[BlackElo "1776"]

1. e4 e5 2. Nf3 Nc6 3. Bb5 a6 4. Bxc6 bxc6 5. d3 d6 6. h3 Be7 7. O-O h6 8. Nc3
Nf6 9. a4 O-O 10. b3 c5 11. Ba3 Bb7 12. Qe2 Qd7 13. Rfb1 a5 14. Ra2 Rfe8 15.
Rab2 Ba6 16. Qd1 Rab8 17. Ne2 Qc6 18. c3 Qd7 19. b4 cxb4 20. cxb4 axb4 21. Bxb4
c5 22. Bc3 Rxb2 23. Rxb2 Qc7 24. Qb1 c4 25. d4 exd4 26. Nexd4 Qd7 27. a5 d5 28.
exd5 Qxd5 29. Nc2 Qd3 30. Qe1 Ba3 31. Ne5 Qd6 32. Nxa3 Qxa3 33. Rb6 Ra8 34. Qa1
Qxa1+ 35. Bxa1 Nd5 36. Rd6 Nb4 37. Rb6 Nd5 38. Rd6 Nb4 39. Rb6 Nd5 1/2-1/2

[Event "Challenge"]
[Site "http://www.queenalice.com/game.php?id=593266"]
[Date "2009.5.24"]
[Round "-"]
[White "wgeorge"]
[Black "Nyvang"]
[Result "0-1"]
[WhiteElo "1785"]
[BlackElo "1814"]

1. e4 e5 2. Nf3 d6 3. Nc3 a6 4. h3 Be7 5. Bc4 h6 6. O-O Nc6 7. a3 Nf6 8. d3 O-O
9. Be3 Na5 10. Nd2 Nxc4 11. Nxc4 c5 12. b4 b6 13. bxc5 dxc5 14. a4 Nd7 15. Ra2
Bb7 16. Qa1 Bg5 17. Bxg5 Qxg5 18. Rb1 Bc8 19. Kf1 f5 20. Nxb6 Nxb6 21. Rxb6 f4
22. f3 Qh5 23. Rab2 Ra7 24. Qe1 Raf7 25. Qf2 c4 26. Rc6 cxd3 27. cxd3 Rd8 28.
Rb8 Rff8 29. Qc5 Bxh3 30. Rxd8 Rxd8 31. Ke2 Bxg2 32. Qf2 Qh1 33. Nd5 Bh3 34.
Rxa6 Qb1 35. a5 Qc2+ 36. Ke1 Qxd3 37. Qe2 Qd4 38. Rb6 Qa1+ 39. Kf2 Qxa5 40. Ra6
Qc5+ 41. Ke1 Rc8 42. Ra2 Qg1+ 43. Kd2 Qc1+ 44. Kd3 Qc4+ 45. Kd2 Qxa2+ 0-1

[Event "Challenge"]
[Site "http://www.queenalice.com/game.php?id=688897"]
[Date "2009.11.26"]
[Round "-"]
[White "wgeorge"]
[Black "bish"]
[Result "1-0"]
[WhiteElo "1804"]
[BlackElo "1714"]

1. e4 e5 2. Nf3 Nc6 3. Bb5 a6 4. Bxc6 bxc6 5. Nxe5 Qe7 6. Nf3 Qxe4+ 7. Qe2 Qxe2+
8. Kxe2 d5 9. h3 Nf6 10. Re1 Be6 11. Kf1 Bb4 12. c3 Ba5 13. b4 Bb6 14. d4 O-O
15. Bg5 Ne4 16. Rc1 a5 17. Nbd2 Nxd2+ 18. Nxd2 f6 19. bxa5 fxg5 20. axb6 cxb6
21. Nf3 h6 22. a4 g4 23. hxg4 Bxg4 24. Ne5 Bf5 25. Nxc6 Bd3+ 26. Kg1 Rae8 27.
Re1 Rxe1+ 28. Rxe1 Ra8 29. Nb4 Bc4 30. Ra1 Bb3 31. Rb1 Bc4 32. Ra1 g5 33. g3 h5
34. f4 gxf4 35. gxf4 Kf7 36. Re1 Kf6 37. Re5 Rxa4 38. Nxd5+ Bxd5 39. Rxd5 h4 40.
Rh5 Rc4 41. Rxh4 Rxc3 42. Rh6+ Kf5 43. Rxb6 Kxf4 44. Rd6 1-0

[Event "Challenge"]
[Site "http://www.queenalice.com/game.php?id=688899"]
[Date "2009.11.26"]
[Round "-"]
[White "wgeorge"]
[Black "alvishope1"]
[Result "1-0"]
[WhiteElo "1783"]
[BlackElo "1769"]

1. e4 e6 2. Nf3 d5 3. exd5 exd5 4. d4 Bg4 5. h3 Bh5 6. Be2 Bd6 7. O-O Ne7 8. a3
Nbc6 9. Re1 Qd7 10. Ne5 Bxe2 11. Rxe2 Nxe5 12. dxe5 Bc5 13. Be3 Bxe3 14. Rxe3
O-O 15. Qe1 c6 16. Nd2 Ng6 17. Nf3 Rfe8 18. Qc3 Re7 19. Rae1 Qf5 20. Nd4 Qg5 21.
Rg3 Qh5 22. e6 f6 23. Qf3 Qxf3 24. Rxf3 Rae8 25. Rfe3 Nf8 26. Nf5 Rxe6 27. Rxe6
Rxe6 28. Rxe6 1-0

[Event "Challenge"]
[Site "http://www.queenalice.com/game.php?id=688900"]
[Date "2009.11.26"]
[Round "-"]
[White "wgeorge"]
[Black "prmntgen"]
[Result "1-0"]
[WhiteElo "1762"]
[BlackElo "1737"]

1. e4 e5 2. Nf3 Nc6 3. Bb5 Qf6 4. Nc3 a6 5. Bxc6 bxc6 6. d3 d6 7. h3 Qd8 8. O-O
Nf6 9. Bg5 Be7 10. Qd2 O-O 11. b4 Rb8 12. Rfb1 Bd7 13. a4 Rb7 14. Qc1 Nh5 15.
Bxe7 Qxe7 16. Qg5 Qxg5 17. Nxg5 h6 18. Nf3 Nf6 19. b5 cxb5 20. axb5 axb5 21. Ra2
Rfb8 22. Rba1 b4 23. Nd1 c5 24. Ra8 Kh7 25. Rxb8 Rxb8 26. Nd2 Rb6 27. Nb2 Be6
28. Ndc4 Bxc4 29. Nxc4 Rc6 30. Ra7 Kg6 31. Ra8 d5 32. exd5 Nxd5 33. Nxe5+ Kf6
34. Nxc6 1-0

[Event "Challenge"]
[Site "http://www.queenalice.com/game.php?id=776393"]
[Date "2010.5.16"]
[Round "-"]
[White "petrovic"]
[Black "wgeorge"]
[Result "0-1"]
[WhiteElo "1751"]
[BlackElo "1855"]

1. e4 e5 2. Nf3 d6 3. Bc4 h6 4. O-O Nf6 5. Nc3 Be7 6. h3 O-O 7. d4 exd4 8. Qxd4
Nc6 9. Qd2 a6 10. a4 Bd7 11. Re1 Ne5 12. Nxe5 dxe5 13. Nd5 Bc6 14. Nxf6+ Bxf6
15. Qe2 Qe7 16. Bd5 Bxd5 17. exd5 Rad8 18. c4 Bg5 19. Qxe5 Qxe5 20. Rxe5 Bxc1
21. Rxc1 Rfe8 22. Rce1 Rxe5 23. Rxe5 f6 24. Re7 Rc8 25. b4 Kf8 0-1

[Event "Challenge"]
[Site "http://www.queenalice.com/game.php?id=776464"]
[Date "2010.5.16"]
[Round "-"]
[White "cachoremaggi"]
[Black "wgeorge"]
[Result "0-1"]
[WhiteElo "1824"]
[BlackElo "1819"]

1. e4 e5 2. Nf3 d6 3. d4 exd4 4. Nxd4 Nf6 5. Nc3 Be7 6. Bd3 O-O 7. O-O Bd7 8.
Be3 Nc6 9. Nf3 a6 10. a3 h6 11. Nd5 Ne5 12. Nh4 Nxd5 13. Nf5 Bxf5 14. exf5 Bg5
15. Bd4 Nxd3 16. Qxd3 c6 17. Rad1 Bf6 18. c4 Nf4 19. Qc3 Bxd4 20. Qxd4 Nh5 21.
Rfe1 Qf6 22. Qg4 g6 23. b4 Rad8 24. Re3 Rfe8 25. fxg6 fxg6 26. Rf3 Qe6 27. Qxe6+
Rxe6 28. Kf1 Rf8 29. Rdd3 Rxf3 30. Rxf3 d5 31. cxd5 cxd5 32. Rd3 Rd6 33. f3 Nf4
34. Rd4 Ne6 35. Rd3 d4 36. g3 Kf7 37. f4 Kf6 38. Kf2 g5 39. fxg5+ Nxg5 40. h4
Nf7 41. Kf3 Ne5+ 42. Ke4 Nxd3 43. Kxd3 Ke5 44. a4 Rf6 45. b5 Rf3+ 0-1

[Event "Challenge"]
[Site "http://www.queenalice.com/game.php?id=777288"]
[Date "2010.5.18"]
[Round "-"]
[White "who_dat"]
[Black "wgeorge"]
[Result "0-1"]
[WhiteElo "1806"]
[BlackElo "1838"]

1. Nf3 d6 2. e4 e5 3. Bc4 h6 4. Na3 Nf6 5. d3 a6 6. Be3 Be7 7. Qe2 O-O 8. d4 Bg4
9. dxe5 dxe5 10. h3 Bxf3 11. Qxf3 Nc6 12. c3 Bxa3 13. bxa3 Qe7 14. a4 Rfd8 15.
O-O Rd7 16. Rab1 Rb8 17. g4 a5 18. g5 hxg5 19. Bxg5 b6 20. Qg2 Kf8 21. Bb5 Rd6
22. h4 Qe6 23. f3 Nh7 24. f4 exf4 25. Bxf4 Ne5 26. c4 Rd4 27. Rbe1 Rbd8 28. Qf2
Nd3 29. Qf3 Nxe1 30. Rxe1 Rd3 31. Qf2 Qg4+ 32. Kh1 Rf3 33. Rg1 Rxf4 34. Qc2
Qxh4+ 35. Kg2 Rg4+ 36. Kf1 Rxg1+ 37. Kxg1 Qf4 38. c5 Rd2 39. cxb6 Rxc2 40. b7 c6
41. Bd3 Rb2 0-1

[Event "Challenge"]
[Site "http://www.queenalice.com/game.php?id=826339"]
[Date "2010.9.1"]
[Round "-"]
[White "wgeorge"]
[Black "Balrog"]
[Result "0-1"]
[WhiteElo "1882"]
[BlackElo "1895"]

1. e4 e5 2. Nf3 Nc6 3. Bb5 Nd4 4. Nxd4 exd4 5. c3 c6 6. Be2 Bc5 7. O-O Ne7 8. b4
Bb6 9. Bb2 dxc3 10. Nxc3 O-O 11. d3 Ng6 12. Qd2 d6 13. g3 f5 14. Bf3 f4 15. Ne2
fxg3 16. hxg3 Rxf3 17. Kg2 Qd7 18. Bd4 Qg4 19. Bxb6 Nh4+ 0-1

[Event "Challenge"]
[Site "http://www.queenalice.com/game.php?id=840638"]
[Date "2010.10.2"]
[Round "-"]
[White "wgeorge"]
[Black "Esvir"]
[Result "0-1"]
[WhiteElo "1866"]
[BlackElo "1866"]

1. Nf3 d5 2. e3 c5 3. d4 c4 4. h3 Nf6 5. b3 b5 6. Nc3 a6 7. Be2 Bf5 8. O-O e6 9.
bxc4 bxc4 10. a4 Bb4 11. Bd2 O-O 12. Nb1 Nc6 13. c3 Bd6 14. Nh4 Ne4 15. Nxf5
Nxd2 16. Nxd2 exf5 17. Rb1 Qa5 18. Qc2 f4 19. exf4 Bxf4 20. Rfd1 Rfe8 21. Bf3
Ra7 22. Re1 Rae7 23. Rxe7 Rxe7 24. Kf1 Qc7 25. Bxd5 Bxd2 26. g3 Bg5 27. Bxc6
Qxc6 28. Qb2 Qh1# 0-1

[Event "Challenge"]
[Site "http://www.queenalice.com/game.php?id=927670"]
[Date "2011.4.19"]
[Round "-"]
[White "wgeorge"]
[Black "giobetti"]
[Result "1/2-1/2"]
[WhiteElo "1850"]
[BlackElo "1875"]

1. e4 e6 2. Nf3 d5 3. exd5 exd5 4. Bd3 c5 5. Qe2+ Qe7 6. Qxe7+ Bxe7 7. b3 Nf6 8.
O-O Nc6 9. Bb5 Bd7 10. Bxc6 Bxc6 11. Re1 Nd7 12. d3 f6 13. Ba3 b6 14. d4 Kf7 15.
Nbd2 Rae8 16. Re3 cxd4 17. Rxe7+ Rxe7 18. Bxe7 Kxe7 19. Nxd4 Kd6 20. Re1 Ne5 21.
Re3 Re8 22. Rc3 Bd7 23. Kf1 Ng4 24. N2f3 g5 25. h3 Ne5 26. Re3 Nxf3 27. Nxf3
Rxe3 28. fxe3 a5 29. a3 h5 30. Nd2 f5 31. c4 Kc5 32. cxd5 Kxd5 33. Kf2 Bc6 34.
Nf3 g4 35. hxg4 hxg4 36. Nd2 b5 37. b4 axb4 38. axb4 Ke5 39. Kg3 Bd5 40. Nb1 Bc4
41. Nc3 Bf1 42. Kf2 Bc4 1/2-1/2

[Event "Challenge"]
[Site "http://www.queenalice.com/game.php?id=1024616"]
[Date "2012.2.2"]
[Round "-"]
[White "wgeorge"]
[Black "CaptainJester"]
[Result "1-0"]
[WhiteElo "1851"]
[BlackElo "1870"]

1. e4 c5 2. Nc3 Nc6 3. Bb5 Qc7 4. d3 g6 5. Nd5 Qd6 6. Bd2 Bg7 7. Rb1 e6 8. Nc3
Ne5 9. Nf3 Nf6 10. Nxe5 Qxe5 11. h3 O-O 12. O-O a6 13. Bc4 Re8 14. Re1 Bf8 15.
a3 d5 16. exd5 Qd6 17. Qf3 Bg7 18. Re2 Bd7 19. Rbe1 exd5 20. Nxd5 Nxd5 21. Qxd5
Qxd5 22. Bxd5 Rxe2 23. Rxe2 Bxb2 24. Re7 Be6 25. Bxe6 fxe6 26. a4 b5 27. axb5
axb5 28. Rxe6 1-0

[Event "Challenge"]
[Site "http://www.queenalice.com/game.php?id=1031572"]
[Date "2012.2.20"]
[Round "-"]
[White "wgeorge"]
[Black "christian_labat"]
[Result "1-0"]
[WhiteElo "1868"]
[BlackElo "1860"]

1. e4 e5 2. Nc3 Nf6 3. Nf3 Nc6 4. Bb5 Bb4 5. Bxc6 dxc6 6. O-O Bd6 7. d3 O-O 8.
Bg5 h6 9. Bxf6 Qxf6 10. d4 exd4 11. Qxd4 Bg4 12. Qxf6 gxf6 13. Nd4 Be5 14. Nf5
Kh7 15. Nd1 Rad8 16. Nde3 Be2 17. Rfe1 Rd2 18. Nf1 Rxc2 19. Rab1 Rg8 20. N5g3
Bxb2 21. Rxe2 Rxe2 22. Nxe2 Be5 23. Rxb7 Ra8 24. Ne3 a5 25. Nc4 Rc8 26. Nxe5
fxe5 27. Ra7 Rd8 28. g3 Rd2 29. Nc3 Rc2 30. Na4 Rxa2 31. Nc5 Kg6 32. Nd7 1-0

[Event "Challenge"]
[Site "http://www.queenalice.com/game.php?id=1031573"]
[Date "2012.2.20"]
[Round "-"]
[White "wgeorge"]
[Black "smcneil"]
[Result "1-0"]
[WhiteElo "1884"]
[BlackElo "1826"]

1. e4 c5 2. Nc3 a6 3. d3 g6 4. Bd2 Bg7 5. Nf3 e6 6. g3 Nf6 7. Bh3 O-O 8. O-O d5
9. exd5 exd5 10. Bxc8 Qxc8 11. Re1 d4 12. Ne4 Nxe4 13. Rxe4 Nd7 14. Bf4 Nf6 15.
Re2 Qg4 16. Ne1 Qh3 17. Nf3 Ng4 18. Qf1 Qxf1+ 19. Rxf1 b5 20. Bd6 Rfe8 21. Rxe8+
Rxe8 22. Bxc5 Re2 23. Nxd4 Re8 24. h3 Nf6 25. c4 Nd7 26. Nb3 bxc4 27. dxc4 Bxb2
28. Bb4 Re4 29. Nd2 Re5 30. Rb1 Bd4 31. Nf3 Re4 32. Re1 Rxe1+ 33. Nxe1 Nc5 34.
Bxc5 Bxc5 35. Nd3 Bb6 36. c5 Bc7 37. c6 Kf8 38. Nc5 a5 39. Na6 Bb6 40. c7 Bxc7
41. Nxc7 Ke7 42. f4 Kd7 43. Nd5 Kd6 44. Ne3 1-0

[Event "Challenge"]
[Site "http://www.queenalice.com/game.php?id=1073330"]
[Date "2012.6.18"]
[Round "-"]
[White "wgeorge"]
[Black "melr111"]
[Result "1/2-1/2"]
[WhiteElo "1898"]
[BlackElo "1908"]

1. e4 e5 2. Nf3 Nc6 3. Bb5 a6 4. Bxc6 bxc6 5. d3 d6 6. h3 Nf6 7. Nc3 Bb7 8. O-O
Be7 9. Re1 c5 10. Bg5 h6 11. Bxf6 Bxf6 12. Qd2 O-O 13. Rab1 c6 14. a3 d5 15. b4
c4 16. dxc4 d4 17. Ne2 c5 18. Ng3 cxb4 19. axb4 Qc7 20. c5 Bc6 21. c3 dxc3 22.
Qxc3 Rad8 23. Ra1 Bb5 24. Red1 Qc6 25. Nxe5 Rxd1+ 26. Rxd1 Bxe5 27. Qxe5 Re8 28.
Qd5 Qe6 29. Qxe6 Rxe6 30. Rd6 Rxd6 31. cxd6 f6 32. f4 g6 33. Kf2 Kf7 34. Ke3 Ke6
35. e5 fxe5 36. Ne4 exf4+ 37. Kxf4 g5+ 38. Kg4 Be2+ 39. Kg3 Bb5 40. Kg4 Be2+ 41.
Kg3 Bb5 42. Kg4 Be2+ 1/2-1/2

[Event "Challenge"]
[Site "http://www.queenalice.com/game.php?id=1073332"]
[Date "2012.6.18"]
[Round "-"]
[White "wgeorge"]
[Black "Doppelgangland"]
[Result "0-1"]
[WhiteElo "1898"]
[BlackElo "1900"]

1. e4 e6 2. Nf3 d5 3. exd5 exd5 4. d4 Nf6 5. h3 Bd6 6. Nc3 Be6 7. Bd3 Nbd7 8.
O-O O-O 9. Re1 Re8 10. Re2 c6 11. a3 Qc7 12. Bg5 h6 13. Bxf6 Nxf6 14. Qd2 Rad8
15. Rae1 b6 16. Ne5 Nd7 17. b4 c5 18. bxc5 bxc5 19. Nb5 Qb6 20. Nxd6 Qxd6 21.
Nxd7 Bxd7 22. dxc5 Qxc5 23. Qb4 Qxb4 24. axb4 Rb8 25. c3 Kf8 26. Ra1 Rb7 27.
Rxe8+ Kxe8 28. Ra5 Be6 29. g4 Ke7 30. f4 Rc7 31. Ra3 Bc8 32. Kf2 a6 33. Ke3 Bb7
34. Kd4 Kd6 35. Bxa6 Ba8 36. Be2 Bb7 37. Ra5 Re7 38. Bf3 Re1 39. Bxd5 Rd1+ 40.
Ke3 Bxd5 41. b5 Bc4 42. Ra4 Bxb5 43. Rd4+ Rxd4 44. Kxd4 Bf1 45. h4 Bh3 46. g5 h5
47. Ke4 Ke6 48. c4 Bg2+ 49. Kd4 Kf5 50. Ke3 Kg4 51. Kf2 Bc6 52. g6 f6 53. f5
Kxh4 0-1